00697nam a2200157Ia 4500008004100000020001800041082002300059245004000082260002100122300000900143505007700152650007500229952010900304952010900413999001700522120622s9999 xx 000 0 und d a968-608-001-5 aC 610.3 D545m 1983 aDiccionario de términos médicos aMéxico : Merck a2 v. aContenido: v.1. español-inglés. -- v.2. inglés-español de la A-E a1. MEDICINA - DICCIONARIOS \ 2. CIENCIAS DE LA SALUD - DICCIONARIOSÌ 00104070a01b01d2007-01-25l1oC 610.3 D545M 1983p01 002051r2013-08-15s2013-08-15w2012-06-24yLB 00104070a01b01d2007-01-25l1oC 610.3 D545M 1983p01 002052r2013-08-15s2013-08-15w2012-06-24yLB c56823d56823